Statystyki dla Podaj sposób na przedłużenie trwałości żywności?

Kliknij tutaj aby rozwiązać quiz!

Ogólne statystyki

  • Ten quiz został rozwiązany 33 razy
  • Średni wynik to 2 z 6

Statystyki odpowiedzi

Odpowiedź% Poprawnych
mrożenie
83%
kiszenie
42%
suszenie
42%
marynowanie
25%
wędzenie
25%
przechowywanie w lodówce
4%

Rozkład punktacji

Percentyl według liczby udzielonych odpowiedzi

Procent ludzi z każdym wynikiem

Twoja historia wyników

Nie rozwiązałeś tego quizu